Verejno-súkromné partnerstvá teoretický a praktický prístup

Gespeichert in:
Bibliographische Detailangaben
1. Verfasser: Hidas, Slavomír
Körperschaft: Národohospodárska fakulta EU. Katedra financií
Weitere Verfasser: Čiernik, Anton
Format: Buch
Sprache:Slowakisch
Veröffentlicht: Bratislava 2009
Tags: Tag hinzufügen
Keine Tags, Fügen Sie das erste Tag hinzu!

MARC

LEADER 00000nam$a2200000$$$4500
001 0096613
005 20240318141553.0
041 0 |a slo 
044 |a SK 
245 1 0 |a Verejno-súkromné partnerstvá  |b teoretický a praktický prístup  |c Slavomír Hidas ; škol. Anton Čiernik 
264 1 |a Bratislava  |c 2009 
300 |a 79 s. 
100 1 |a Hidas, Slavomír 
700 1 |a Čiernik, Anton 
710 2 |a Národohospodárska fakulta EU. Katedra financií